000 00467nam a2200181Ia 4500
008 131103s9999 xx 000 0 und d
020 _a8123728239
_cRs.15
040 _aLoreto College
041 _aEnglish
082 _aREF/MUR
_bLCBED/13227
100 _aMurthi, R K
245 4 _aThe world of shadows
_cR K Murthi
260 _aDelhi
_bNational Book Trust
_c1999
300 _a43p.
_b pic.
_c 24cm.
650 _aStory
850 _aLCBED/REF/MUR
942 _cBK
999 _c31774
_d82253